| 000 | 01812nam a2200253Ia 4500 | ||
|---|---|---|---|
| 008 | 260220t1984||||xx |||||||||||||| ||spa|| | ||
| 020 | _a8475340849 | ||
| 040 |
_aPY-SlUNAC _bspa _erda |
||
| 041 | _aspa | ||
| 082 |
_a621.03 _bL864g |
||
| 100 |
_aLópez Aparicio, David _eAutor |
||
| 245 | 0 |
_aGran enciclopedia de la electrónica / _cpor David López Aparicio [Autor] |
|
| 264 |
_aMadrid : _bNueva Lente, _c℗1984. |
||
| 300 | _a1 volumen | ||
| 520 | _aLa "Gran enciclopedia de la electrónica" de David López Aparicio es una obra exhaustiva que aborda los fundamentos, aplicaciones y avances en el campo de la electrónica. Publicada en 1984, esta enciclopedia se presenta como una referencia esencial para estudiantes, profesionales e interesados en la materia. A lo largo de sus páginas, se exploran temas que van desde la teoría básica de circuitos y componentes electrónicos hasta tecnologías más complejas, como la microelectrónica y la informática. Además, la obra incluye una amplia variedad de ilustraciones y diagramas que facilitan la comprensión de conceptos técnicos. López Aparicio también dedica espacio a la historia de la electrónica y su evolución, contextualizando los desarrollos contemporáneos en relación con sus precursores. Este enfoque integral no solo proporciona un aprendizaje estructurado, sino que también estimula el interés por la innovación y la investigación en el ámbito electrónico. En suma, es un recurso valioso y completo que contribuye significativamente al conocimiento en esta área. | ||
| 653 | _aElectrónica | ||
| 653 | _aEnciclopedias | ||
| 653 | _aTecnología | ||
| 942 |
_b2026/02/17 _cBK |
||
| 999 |
_c8538 _d8538 |
||